000 00547nam a2200169 a 4500
005 20140412111416.0
008 070725s19uu xx 00 eng d
020 _a0-590-37458-3
050 _aER
_bDi61 1998
100 _aMetzger, Steve
245 _aDinofours:I'm the boss /
_cSteve Metzger.
260 _aNew York :
_bScholastic,
_c1998.
520 _aTara learns a lesson about being too bossy when everyone leaves the game after she wants everything her way.
650 _aBehavior-fiction
650 _aschools-fiction
999 _c105859
_d105859